[Event "DEM U16w 2021"]
[Site "Willingen GER"]
[Date "2021.08.29"]
[Round "9"]
[White "Becker, Linda"]
[Black "Dietz, Kristin"]
[Result "1-0"]
[Termination "normal"]
[Board "2"]
[WhiteElo "1674"]
[BlackElo "1933"]
[WhiteClock "00:12:08"]
[BlackClock "00:32:45"]
[PlyCount "133"]
[WhiteFideId "16244753"]
[BlackFideId "12993743"]
[EventCountry "GER"]
[EventRounds "9"]
[EventType "swiss"]
[EventDate "2021.08.22"]

1. e4 {[%clk 1:30:57]} c5 {[%clk 1:30:57]} 2. Be2 {[%clk 1:31:20]} Nc6 {[%clk
1:28:15]} 3. f4 {[%clk 1:30:15]} d6 {[%clk 1:27:14]} 4. Nf3 {[%clk 1:30:08]} g6
{[%clk 1:26:43]} 5. O-O {[%clk 1:29:16]} Bg7 {[%clk 1:26:58]} 6. c3 {[%clk
1:27:11]} Nf6 {[%clk 1:24:34]} 7. d3 {[%clk 1:26:34]} O-O {[%clk 1:24:36]} 8.
Nbd2 {[%clk 1:22:34]} Bg4 {[%clk 1:17:14]} 9. Qe1 {[%clk 1:20:26]} e6 {[%clk
1:15:59]} 10. h3 {[%clk 1:15:34]} Bxf3 {[%clk 1:13:38]} 11. Nxf3 {[%clk
1:13:49]} Qb6 {[%clk 1:09:37]} 12. Kh1 {[%clk 1:07:44]} d5 {[%clk 1:08:07]} 13.
e5 {[%clk 1:04:02]} Nd7 {[%clk 1:08:27]} 14. Rb1 {[%clk 0:56:57]} Rfd8 {[%clk
1:02:57]} 15. Qh4 {[%clk 0:53:53]} Nf8 {[%clk 0:58:12]} 16. Bd2 {[%clk
0:50:05]} Qc7 {[%clk 0:57:14]} 17. Qf2 {[%clk 0:47:16]} Nd7 {[%clk 0:46:01]}
18. h4 {[%clk 0:43:38]} Ne7 {[%clk 0:41:20]} 19. h5 {[%clk 0:40:46]} Nf8 {[%clk
0:28:40]} 20. d4 {[%clk 0:34:40]} c4 {[%clk 0:28:26]} 21. Nh4 gxh5 22. f5
{[%clk 0:27:54]} exf5 {[%clk 0:26:50]} 23. Nxf5 {[%clk 0:27:16]} Nxf5 {[%clk
0:27:03]} 24. Qxf5 {[%clk 0:27:37]} Qd7 {[%clk 0:25:53]} 25. Qxh5 {[%clk
0:27:09]} Ng6 {[%clk 0:23:22]} 26. Bg4 {[%clk 0:23:33]} Qc6 {[%clk 0:22:55]}
27. Rf3 {[%clk 0:23:04]} Re8 {[%clk 0:20:40]} 28. Rbf1 {[%clk 0:22:15]} Re7
{[%clk 0:20:59]} 29. Bg5 {[%clk 0:22:00]} Rc7 {[%clk 0:21:20]} 30. Rh3 {[%clk
0:21:25]} Nf8 {[%clk 0:21:32]} 31. Bf6 {[%clk 0:20:23]} Re8 {[%clk 0:19:09]}
32. Qg5 {[%clk 0:18:52]} Ne6 {[%clk 0:19:25]} 33. Bxe6 {[%clk 0:19:00]} fxe6
{[%clk 0:19:51]} 34. Rg3 {[%clk 0:18:10]} Qd7 {[%clk 0:18:29]} 35. Qh5 {[%clk
0:16:19]} Rf8 {[%clk 0:17:22]} 36. Rxg7+ {[%clk 0:10:43]} Qxg7 {[%clk 0:17:46]}
37. Bxg7 {[%clk 0:11:07]} Rxf1+ {[%clk 0:18:12]} 38. Kh2 {[%clk 0:11:32]} Kxg7
{[%clk 0:18:15]} 39. Qg5+ {[%clk 0:11:26]} Kf7 {[%clk 0:18:14]} 40. Qh6 {[%clk
0:11:24]} Re7 {[%clk 0:17:56]} 41. Qxh7+ {[%clk 0:09:46]} Ke8 {[%clk 0:17:41]}
42. Qg8+ {[%clk 0:09:09]} Kd7 {[%clk 0:18:00]} 43. Qb8 {[%clk 0:28:23]} Rf2
{[%clk 0:46:53]} 44. Qxb7+ {[%clk 0:27:29]} Ke8 {[%clk 0:47:18]} 45. Qb8+
{[%clk 0:27:29]} Kf7 {[%clk 0:47:39]} 46. Kg3 {[%clk 0:26:11]} Rf5 {[%clk
0:44:33]} 47. b3 {[%clk 0:23:48]} cxb3 {[%clk 0:44:30]} 48. axb3 {[%clk
0:23:55]} Rg5+ {[%clk 0:44:39]} 49. Kf3 {[%clk 0:22:54]} Rg8 {[%clk 0:44:30]}
50. Qb5 {[%clk 0:22:31]} Rc7 {[%clk 0:40:40]} 51. c4 {[%clk 0:20:43]} dxc4
{[%clk 0:40:00]} 52. bxc4 {[%clk 0:21:04]} Rg5 {[%clk 0:37:32]} 53. c5 {[%clk
0:19:23]} Rf5+ {[%clk 0:36:30]} 54. Ke3 {[%clk 0:19:08]} Rh5 {[%clk 0:36:35]}
55. Qa5 {[%clk 0:18:37]} Re7 {[%clk 0:34:33]} 56. c6 {[%clk 0:16:42]} Rh1
{[%clk 0:34:25]} 57. Qc5 {[%clk 0:15:54]} Rh8 {[%clk 0:34:25]} 58. d5 {[%clk
0:15:18]} exd5 {[%clk 0:34:47]} 59. Qxd5+ {[%clk 0:15:39]} Kg7 {[%clk 0:35:05]}
60. Qd6 {[%clk 0:14:39]} Rhe8 {[%clk 0:33:33]} 61. Kd4 {[%clk 0:14:13]} Rf7
{[%clk 0:32:29]} 62. e6 {[%clk 0:13:12]} Rf1 {[%clk 0:32:28]} 63. Qd7+ {[%clk
0:12:39]} Kf8 {[%clk 0:32:51]} 64. Ke5 {[%clk 0:12:13]} a5 {[%clk 0:32:37]} 65.
c7 {[%clk 0:11:46]} Re1+ {[%clk 0:32:38]} 66. Kf6 {[%clk 0:11:55]} Rf1+ {[%clk
0:32:45]} 67. Kg6 {[%clk 0:12:08]} 1-0

[Event "DEM U16w 2021"]
[Site "Willingen GER"]
[Date "2021.08.29"]
[Round "9"]
[White "Cordes, Jule"]
[Black "Yue, Qizhou"]
[Result "1/2-1/2"]
[Termination "normal"]
[Board "3"]
[WhiteElo "1790"]
[BlackElo "1798"]
[WhiteClock "00:20:49"]
[BlackClock "00:30:36"]
[PlyCount "88"]
[WhiteFideId "1060708"]
[BlackFideId "16273800"]
[EventCountry "GER"]
[EventRounds "9"]
[EventType "swiss"]
[EventDate "2021.08.22"]

1. d4 {[%clk 1:30:57]} d5 {[%clk 1:30:45]} 2. c4 {[%clk 1:31:21]} c6 {[%clk
1:31:10]} 3. Nc3 {[%clk 1:31:44]} Nf6 {[%clk 1:31:33]} 4. Nf3 {[%clk 1:32:05]}
dxc4 {[%clk 1:31:54]} 5. a4 {[%clk 1:31:49]} Bf5 {[%clk 1:32:04]} 6. e3 {[%clk
1:32:07]} e6 {[%clk 1:31:53]} 7. Bxc4 {[%clk 1:32:11]} Bb4 {[%clk 1:31:45]} 8.
O-O {[%clk 1:32:15]} O-O {[%clk 1:31:56]} 9. Qe2 {[%clk 1:31:07]} Bg6 {[%clk
1:31:45]} 10. Ne5 {[%clk 1:25:58]} Nbd7 {[%clk 1:23:34]} 11. Nxg6 {[%clk
1:23:31]} hxg6 {[%clk 1:23:55]} 12. Rd1 {[%clk 1:21:27]} Qa5 {[%clk 1:13:51]}
13. Bd2 {[%clk 1:11:45]} Nb6 {[%clk 0:56:35]} 14. Bb3 {[%clk 1:06:18]} Rad8
{[%clk 0:49:09]} 15. Na2 {[%clk 0:55:37]} Bxd2 {[%clk 0:48:42]} 16. Qxd2 {[%clk
0:51:08]} Qh5 {[%clk 0:43:07]} 17. Rac1 {[%clk 0:49:23]} Nbd5 {[%clk 0:37:47]}
18. Nc3 {[%clk 0:46:36]} g5 {[%clk 0:31:18]} 19. Nxd5 {[%clk 0:38:23]} exd5
{[%clk 0:31:15]} 20. Re1 {[%clk 0:36:07]} g6 {[%clk 0:24:33]} 21. f3 {[%clk
0:28:19]} Kg7 {[%clk 0:21:59]} 22. Qf2 {[%clk 0:25:22]} Rh8 {[%clk 0:16:54]}
23. Qg3 {[%clk 0:25:02]} g4 {[%clk 0:15:28]} 24. Bd1 {[%clk 0:20:06]} gxf3
{[%clk 0:14:44]} 25. Bxf3 {[%clk 0:16:51]} Qh4 {[%clk 0:14:37]} 26. Qxh4 {[%clk
0:15:34]} Rxh4 {[%clk 0:15:01]} 27. a5 {[%clk 0:15:02]} Rd6 {[%clk 0:11:50]}
28. Rc3 {[%clk 0:13:25]} Ne4 {[%clk 0:09:51]} 29. Rb3 {[%clk 0:11:38]} Rd7
{[%clk 0:09:08]} 30. a6 {[%clk 0:07:25]} bxa6 {[%clk 0:06:51]} 31. Bxe4 {[%clk
0:05:50]} Rxe4 {[%clk 0:06:41]} 32. Ra1 {[%clk 0:06:01]} Rde7 {[%clk 0:05:32]}
33. Kf2 {[%clk 0:05:13]} f5 {[%clk 0:05:22]} 34. Rxa6 {[%clk 0:04:26]} f4
{[%clk 0:05:22]} 35. Rxc6 {[%clk 0:01:13]} fxe3+ {[%clk 0:04:38]} 36. Ke2
{[%clk 0:01:34]} Rxd4 {[%clk 0:01:41]} 37. Rxe3 {[%clk 0:01:55]} Rde4 {[%clk
0:01:15]} 38. Rxe4 {[%clk 0:01:27]} dxe4 {[%clk 0:01:11]} 39. Ke3 {[%clk
0:01:11]} Rb7 {[%clk 0:01:11]} 40. Rc2 {[%clk 0:00:35]} Rb4 {[%clk 0:01:05]}
41. Rc7+ {[%clk 0:24:35]} Kf6 {[%clk 0:31:01]} 42. Rxa7 {[%clk 0:23:48]} Rxb2
{[%clk 0:31:16]} 43. Kxe4 {[%clk 0:20:49]} Rxg2 {[%clk 0:31:35]} 44. Rh7 {[%clk
0:20:49]} Ra2 {[%clk 0:30:36]} 1/2-1/2

[Event "DEM U16w 2021"]
[Site "Willingen GER"]
[Date "2021.08.29"]
[Round "9"]
[White "Reuter, Elisa"]
[Black "Heutling, Elina"]
[Result "0-1"]
[Termination "normal"]
[Board "4"]
[WhiteTitle "WCM"]
[WhiteElo "1845"]
[BlackElo "1919"]
[WhiteClock "00:35:07"]
[BlackClock "00:27:04"]
[PlyCount "84"]
[WhiteFideId "12995444"]
[BlackFideId "16244729"]
[EventCountry "GER"]
[EventRounds "9"]
[EventType "swiss"]
[EventDate "2021.08.22"]

1. e4 {[%clk 1:30:59]} d5 {[%clk 1:30:52]} 2. exd5 {[%clk 1:31:26]} Qxd5 {[%clk
1:31:17]} 3. Nc3 {[%clk 1:31:51]} Qd8 {[%clk 1:31:23]} 4. d4 {[%clk 1:31:44]}
Nf6 {[%clk 1:31:25]} 5. Nf3 {[%clk 1:32:10]} g6 {[%clk 1:30:53]} 6. h3 {[%clk
1:31:45]} Bg7 {[%clk 1:31:17]} 7. Bc4 {[%clk 1:32:00]} O-O {[%clk 1:30:57]} 8.
O-O {[%clk 1:32:24]} a6 {[%clk 1:31:20]} 9. a4 {[%clk 1:30:48]} Nc6 {[%clk
1:29:31]} 10. Re1 {[%clk 1:29:26]} b6 {[%clk 1:25:33]} 11. Ne2 {[%clk 1:25:26]}
Bb7 {[%clk 1:17:09]} 12. Nf4 {[%clk 1:23:12]} Nb4 {[%clk 1:12:12]} 13. Ne5
{[%clk 1:19:19]} Nbd5 {[%clk 1:07:05]} 14. c3 {[%clk 1:16:32]} Nxf4 {[%clk
1:05:50]} 15. Bxf4 {[%clk 1:16:56]} Nd5 {[%clk 1:06:02]} 16. Bg3 {[%clk
1:15:30]} e6 {[%clk 0:57:53]} 17. Qe2 {[%clk 1:10:21]} Qe7 {[%clk 0:52:56]} 18.
Nd3 {[%clk 1:08:43]} Rfd8 {[%clk 0:48:41]} 19. Be5 {[%clk 1:04:31]} Nf6 {[%clk
0:47:09]} 20. Nb4 {[%clk 1:02:07]} a5 {[%clk 0:41:27]} 21. Nc2 {[%clk 1:01:37]}
Bd5 {[%clk 0:36:07]} 22. Bd3 {[%clk 1:01:05]} Rac8 {[%clk 0:30:46]} 23. Ba6
{[%clk 0:59:32]} Rb8 {[%clk 0:29:11]} 24. Bd3 {[%clk 0:58:38]} Bc6 {[%clk
0:27:14]} 25. b3 {[%clk 0:51:53]} Bb7 {[%clk 0:24:49]} 26. Ne3 {[%clk 0:32:48]}
Nh5 {[%clk 0:21:29]} 27. Bxg7 {[%clk 0:30:41]} Nf4 {[%clk 0:17:42]} 28. Qc2
{[%clk 0:24:02]} Kxg7 {[%clk 0:17:09]} 29. Be4 {[%clk 0:22:36]} Ba6 {[%clk
0:16:15]} 30. Kh2 {[%clk 0:13:55]} Qh4 {[%clk 0:11:15]} 31. g3 {[%clk 0:05:32]}
Qxh3+ {[%clk 0:10:33]} 32. Kg1 {[%clk 0:05:56]} f5 {[%clk 0:07:21]} 33. Bg2
{[%clk 0:04:59]} Nxg2 {[%clk 0:07:21]} 34. Nxg2 {[%clk 0:05:19]} Bb7 {[%clk
0:07:36]} 35. f3 {[%clk 0:04:15]} Bxf3 {[%clk 0:06:40]} 36. Qf2 {[%clk
0:04:35]} Qxg2+ {[%clk 0:04:56]} 37. Qxg2 {[%clk 0:04:59]} Bxg2 {[%clk
0:05:24]} 38. Kxg2 {[%clk 0:05:23]} Kf6 {[%clk 0:04:38]} 39. Re2 {[%clk
0:05:38]} Rd5 {[%clk 0:02:52]} 40. Rae1 {[%clk 0:05:00]} Re8 {[%clk 0:02:55]}
41. Rh1 {[%clk 0:04:42]} h5 {[%clk 0:29:29]} 42. Rhe1 {[%clk 0:35:07]} c5
{[%clk 0:27:04]} 0-1

[Event "DEM U16w 2021"]
[Site "Willingen GER"]
[Date "2021.08.29"]
[Round "9"]
[White "Petersen, Sophie"]
[Black "Peglau, Mirjam"]
[Result "0-1"]
[Termination "normal"]
[Board "5"]
[WhiteElo "1515"]
[BlackElo "1906"]
[WhiteClock "00:00:38"]
[BlackClock "00:06:18"]
[PlyCount "70"]
[WhiteFideId "16229380"]
[BlackFideId "16211138"]
[EventCountry "GER"]
[EventRounds "9"]
[EventType "swiss"]
[EventDate "2021.08.22"]

1. e4 {[%clk 1:30:58]} c5 {[%clk 1:30:54]} 2. Nf3 {[%clk 1:31:19]} g6 {[%clk
1:31:18]} 3. c4 {[%clk 1:31:32]} Bg7 {[%clk 1:31:42]} 4. d4 {[%clk 1:31:43]}
Qa5+ {[%clk 1:31:46]} 5. Nc3 {[%clk 1:25:46]} Nc6 {[%clk 1:08:49]} 6. Be3
{[%clk 1:22:21]} Nf6 {[%clk 0:59:23]} 7. Bd3 {[%clk 1:14:40]} Ng4 {[%clk
0:56:26]} 8. Bc2 {[%clk 1:07:55]} Nxe3 {[%clk 0:52:07]} 9. fxe3 {[%clk
1:08:08]} O-O {[%clk 0:49:34]} 10. O-O {[%clk 1:03:36]} d6 {[%clk 0:41:09]} 11.
h3 {[%clk 0:58:03]} a6 {[%clk 0:41:23]} 12. a4 {[%clk 0:54:55]} Qb6 {[%clk
0:36:48]} 13. Nd5 {[%clk 0:48:30]} Qa5 {[%clk 0:35:22]} 14. Nd2 {[%clk
0:42:38]} e6 {[%clk 0:32:48]} 15. Nb3 {[%clk 0:42:27]} Qd8 {[%clk 0:33:16]} 16.
Nf4 {[%clk 0:41:36]} cxd4 {[%clk 0:30:34]} 17. exd4 {[%clk 0:38:31]} Qb6 {[%clk
0:30:21]} 18. c5 {[%clk 0:32:59]} dxc5 {[%clk 0:29:45]} 19. dxc5 {[%clk
0:33:09]} Qb4 {[%clk 0:28:46]} 20. Qe2 {[%clk 0:24:35]} Nd4 {[%clk 0:28:00]}
21. Nxd4 {[%clk 0:21:54]} Qxd4+ {[%clk 0:28:22]} 22. Kh1 {[%clk 0:22:04]} Qxc5
{[%clk 0:28:21]} 23. Rab1 {[%clk 0:20:26]} Bd7 {[%clk 0:26:57]} 24. b4 {[%clk
0:19:44]} Qg5 {[%clk 0:25:44]} 25. Qf2 {[%clk 0:15:40]} Rac8 {[%clk 0:20:52]}
26. Rfd1 {[%clk 0:11:57]} Rfd8 {[%clk 0:20:10]} 27. Bb3 {[%clk 0:08:55]} Be5
{[%clk 0:13:52]} 28. Nd3 {[%clk 0:06:06]} Bc6 {[%clk 0:11:17]} 29. Nxe5 {[%clk
0:04:24]} Qxe5 {[%clk 0:11:45]} 30. Rxd8+ {[%clk 0:04:31]} Rxd8 {[%clk
0:12:13]} 31. Rf1 {[%clk 0:04:42]} Rd7 {[%clk 0:11:41]} 32. Bc2 {[%clk
0:02:51]} Qd4 {[%clk 0:10:43]} 33. Qe1 {[%clk 0:01:51]} Qe5 {[%clk 0:06:48]}
34. Qf2 {[%clk 0:01:32]} Qc3 {[%clk 0:06:26]} 35. Bb1 {[%clk 0:00:38]} Qxb4
{[%clk 0:06:18]} 0-1

[Event "DEM U16w 2021"]
[Site "Willingen GER"]
[Date "2021.08.29"]
[Round "9"]
[White "Wagner, Margarethe"]
[Black "Albayrak, Nese Pinar"]
[Result "1-0"]
[Termination "normal"]
[Board "6"]
[WhiteElo "1832"]
[BlackElo "1546"]
[WhiteClock "00:03:15"]
[BlackClock "00:05:53"]
[PlyCount "159"]
[WhiteFideId "16236947"]
[BlackFideId "16255259"]
[EventCountry "GER"]
[EventRounds "9"]
[EventType "swiss"]
[EventDate "2021.08.22"]

1. e4 {[%clk 1:30:58]} e5 {[%clk 1:30:57]} 2. Nf3 {[%clk 1:31:20]} Nc6 {[%clk
1:31:23]} 3. Bb5 {[%clk 1:31:40]} a6 {[%clk 1:31:48]} 4. Ba4 {[%clk 1:32:03]}
Nf6 {[%clk 1:31:55]} 5. O-O {[%clk 1:32:18]} b5 {[%clk 1:31:47]} 6. Bb3 {[%clk
1:32:36]} Be7 {[%clk 1:32:11]} 7. Re1 {[%clk 1:32:55]} O-O {[%clk 1:32:28]} 8.
a4 {[%clk 1:32:54]} b4 {[%clk 1:32:18]} 9. a5 {[%clk 1:31:16]} d6 {[%clk
1:27:59]} 10. c3 {[%clk 1:28:38]} bxc3 {[%clk 1:22:39]} 11. bxc3 {[%clk
1:28:51]} Bg4 {[%clk 1:22:06]} 12. h3 {[%clk 1:26:21]} Bh5 {[%clk 1:19:05]} 13.
d3 {[%clk 1:21:14]} Rb8 {[%clk 1:18:23]} 14. Nbd2 {[%clk 1:18:04]} Qc8 {[%clk
1:14:22]} 15. Bc4 {[%clk 1:08:24]} Rd8 {[%clk 1:06:46]} 16. Qa4 {[%clk
0:55:17]} Na7 {[%clk 1:03:17]} 17. Qa2 {[%clk 0:52:12]} c5 {[%clk 0:54:55]} 18.
Nh2 {[%clk 0:47:16]} Nb5 {[%clk 0:48:15]} 19. Bb2 {[%clk 0:45:02]} Bg6 {[%clk
0:45:07]} 20. Ndf1 {[%clk 0:42:07]} Nh5 {[%clk 0:42:56]} 21. Ne3 {[%clk
0:33:37]} Nf4 {[%clk 0:40:00]} 22. Nd5 {[%clk 0:32:39]} Nxd5 {[%clk 0:38:39]}
23. Bxd5 {[%clk 0:33:02]} Bg5 {[%clk 0:36:34]} 24. Nf3 {[%clk 0:32:04]} Bf4
{[%clk 0:33:05]} 25. Nh4 {[%clk 0:17:48]} Rf8 {[%clk 0:28:17]} 26. Nxg6 {[%clk
0:16:30]} hxg6 {[%clk 0:28:36]} 27. Rad1 g5 {[%clk 0:19:35]} 28. Ba1 {[%clk
0:12:25]} g4 {[%clk 0:18:24]} 29. hxg4 {[%clk 0:11:40]} Qxg4 {[%clk 0:18:34]}
30. Qe2 {[%clk 0:11:53]} Qg6 {[%clk 0:14:17]} 31. Bc4 {[%clk 0:07:17]} Kh7
{[%clk 0:11:29]} 32. Qf3 {[%clk 0:03:56]} Rh8 {[%clk 0:05:29]} 33. Kf1 {[%clk
0:03:10]} Kg8 {[%clk 0:03:55]} 34. g3 {[%clk 0:03:11]} Bg5 {[%clk 0:02:42]} 35.
Qf5 {[%clk 0:02:07]} Qxf5 36. exf5 {[%clk 0:02:32]} Rh1+ {[%clk 0:01:59]} 37.
Ke2 {[%clk 0:02:21]} Rxe1+ {[%clk 0:00:47]} 38. Kxe1 {[%clk 0:02:41]} Nc7
{[%clk 0:00:37]} 39. Ke2 {[%clk 0:01:47]} Kf8 {[%clk 0:00:47]} 40. Ba2 {[%clk
0:01:26]} Ke7 {[%clk 0:00:38]} 41. Rb1 {[%clk 0:27:40]} Rb5 {[%clk 0:28:50]}
42. Rxb5 {[%clk 0:24:24]} axb5 {[%clk 0:28:03]} 43. Bb2 {[%clk 0:17:40]} Kf6
{[%clk 0:17:47]} 44. g4 {[%clk 0:12:29]} g6 {[%clk 0:17:26]} 45. fxg6 {[%clk
0:12:09]} Kxg6 {[%clk 0:15:52]} 46. d4 {[%clk 0:10:01]} exd4 {[%clk 0:15:14]}
47. cxd4 {[%clk 0:10:05]} Bd8 {[%clk 0:11:47]} 48. dxc5 {[%clk 0:08:57]} dxc5
{[%clk 0:12:14]} 49. Bb1+ {[%clk 0:08:43]} Kg5 {[%clk 0:11:22]} 50. Bf5 {[%clk
0:07:39]} Na6 {[%clk 0:09:12]} 51. Bc8 {[%clk 0:07:34]} Nb4 {[%clk 0:08:33]}
52. a6 {[%clk 0:07:06]} Bb6 {[%clk 0:08:35]} 53. Be5 {[%clk 0:06:24]} f6 {[%clk
0:06:26]} 54. Bd6 {[%clk 0:05:09]} Nc6 {[%clk 0:06:13]} 55. Bd7 {[%clk
0:04:42]} Na7 {[%clk 0:06:25]} 56. f4+ {[%clk 0:04:50]} Kg6 {[%clk 0:06:49]}
57. Kd3 {[%clk 0:04:26]} Kf7 {[%clk 0:05:23]} 58. Ke4 {[%clk 0:03:53]} c4
{[%clk 0:05:23]} 59. Bb4 {[%clk 0:03:26]} Bc7 {[%clk 0:04:45]} 60. Bc5 {[%clk
0:02:31]} Bb8 {[%clk 0:04:23]} 61. f5 {[%clk 0:01:59]} Kg7 {[%clk 0:04:02]} 62.
Bxa7 {[%clk 0:01:46]} Bxa7 {[%clk 0:04:23]} 63. Bxb5 {[%clk 0:02:12]} c3 {[%clk
0:04:38]} 64. Kd3 {[%clk 0:02:03]} Kf7 {[%clk 0:04:13]} 65. Kxc3 {[%clk
0:02:17]} Ke7 {[%clk 0:04:38]} 66. Kc4 {[%clk 0:02:10]} Kd6 {[%clk 0:05:04]}
67. Be8 {[%clk 0:02:11]} Be3 {[%clk 0:04:51]} 68. Kb5 {[%clk 0:02:07]} Ba7
{[%clk 0:05:13]} 69. Bc6 {[%clk 0:02:18]} Be3 {[%clk 0:05:17]} 70. Bb7 {[%clk
0:02:16]} Ba7 {[%clk 0:05:39]} 71. Kc4 {[%clk 0:02:34]} Ke5 {[%clk 0:05:02]}
72. Bf3 {[%clk 0:02:44]} Bf2 {[%clk 0:04:49]} 73. Kd3 {[%clk 0:02:37]} Ba7
{[%clk 0:04:38]} 74. Bd1 {[%clk 0:02:00]} Bb6 {[%clk 0:04:41]} 75. Ke2 {[%clk
0:01:58]} Kf4 {[%clk 0:05:05]} 76. Kf1 {[%clk 0:02:21]} Kg3 {[%clk 0:05:28]}
77. g5 {[%clk 0:02:17]} fxg5 {[%clk 0:05:11]} 78. f6 {[%clk 0:02:42]} Bc5
{[%clk 0:05:38]} 79. f7 {[%clk 0:02:59]} Kf4 {[%clk 0:05:53]} 80. a7 {[%clk
0:03:15]} 1-0

[Event "DEM U16w 2021"]
[Site "Willingen GER"]
[Date "2021.08.29"]
[Round "9"]
[White "Schneider, Anna"]
[Black "Kalina, Lena"]
[Result "0-1"]
[Termination "normal"]
[Board "7"]
[WhiteElo "1686"]
[BlackElo "1605"]
[WhiteClock "00:36:52"]
[BlackClock "00:29:31"]
[PlyCount "114"]
[WhiteFideId "16200527"]
[BlackFideId "12988014"]
[EventCountry "GER"]
[EventRounds "9"]
[EventType "swiss"]
[EventDate "2021.08.22"]

1. e4 {[%clk 1:30:57]} c5 {[%clk 1:30:55]} 2. c3 {[%clk 1:31:23]} d5 {[%clk
1:31:08]} 3. exd5 {[%clk 1:31:47]} Qxd5 {[%clk 1:31:15]} 4. d4 {[%clk 1:32:10]}
Nc6 {[%clk 1:30:22]} 5. Na3 {[%clk 1:27:56]} cxd4 {[%clk 1:16:50]} 6. Nb5
{[%clk 1:23:41]} Qe5+ {[%clk 1:15:31]} 7. Qe2 {[%clk 1:21:57]} Qb8 {[%clk
1:10:18]} 8. Nxd4 {[%clk 1:17:45]} Nxd4 {[%clk 1:08:44]} 9. cxd4 {[%clk
1:18:06]} Nf6 {[%clk 1:05:15]} 10. Nf3 {[%clk 1:16:37]} e6 {[%clk 1:02:43]} 11.
Qc2 {[%clk 1:14:16]} Bd7 {[%clk 1:00:05]} 12. Be2 {[%clk 1:12:20]} Be7 {[%clk
0:56:25]} 13. O-O {[%clk 1:11:26]} O-O {[%clk 0:53:58]} 14. Ne5 {[%clk
1:08:43]} Rc8 {[%clk 0:50:00]} 15. Qb3 {[%clk 1:06:59]} Bc6 {[%clk 0:47:38]}
16. Bf4 {[%clk 1:05:28]} Bd5 {[%clk 0:44:24]} 17. Qg3 {[%clk 1:03:46]} Bd6
{[%clk 0:41:17]} 18. Bh6 {[%clk 1:02:37]} g6 {[%clk 0:39:26]} 19. Qf4 {[%clk
0:50:33]} Be7 {[%clk 0:36:30]} 20. h4 {[%clk 0:47:40]} Rc2 {[%clk 0:31:02]} 21.
Bd3 {[%clk 0:46:11]} Rxb2 {[%clk 0:30:15]} 22. Bg5 {[%clk 0:42:07]} Qd8 {[%clk
0:23:54]} 23. g4 {[%clk 0:36:14]} Bc6 {[%clk 0:21:09]} 24. h5 {[%clk 0:26:26]}
Be8 {[%clk 0:20:03]} 25. hxg6 {[%clk 0:18:45]} hxg6 {[%clk 0:18:31]} 26. f3
{[%clk 0:12:12]} Nd5 {[%clk 0:16:10]} 27. Bxe7 {[%clk 0:12:21]} Nxf4 {[%clk
0:16:26]} 28. Bxd8 {[%clk 0:12:44]} Rxd8 {[%clk 0:16:27]} 29. Rfb1 {[%clk
0:07:01]} Nxd3 {[%clk 0:14:44]} 30. Nxd3 {[%clk 0:07:05]} Rxb1+ {[%clk
0:15:06]} 31. Rxb1 {[%clk 0:07:25]} Rxd4 {[%clk 0:15:14]} 32. Nc5 {[%clk
0:07:16]} b6 {[%clk 0:12:11]} 33. Ne4 {[%clk 0:07:25]} Bc6 {[%clk 0:11:19]} 34.
Ng5 {[%clk 0:07:18]} Bd5 {[%clk 0:08:43]} 35. Rc1 {[%clk 0:06:10]} Ra4 {[%clk
0:03:49]} 36. Rc7 {[%clk 0:04:52]} e5 {[%clk 0:03:46]} 37. Rc8+ {[%clk
0:04:42]} Kg7 {[%clk 0:04:04]} 38. Re8 {[%clk 0:04:36]} Bxa2 {[%clk 0:03:55]}
39. Rxe5 {[%clk 0:04:20]} f6 {[%clk 0:02:41]} 40. Ne6+ {[%clk 0:04:44]} Bxe6
{[%clk 0:02:55]} 41. Rxe6 {[%clk 0:05:08]} Kf7 {[%clk 0:01:51]} 42. Rc6 {[%clk
0:04:40]} b5 {[%clk 0:01:32]} 43. Rc7+ {[%clk 0:04:51]} Ke6 {[%clk 0:01:09]}
44. Rc6+ {[%clk 0:05:08]} Ke7 {[%clk 0:01:22]} 45. Rc7+ {[%clk 0:05:03]} Kd6
{[%clk 0:01:29]} 46. Rf7 {[%clk 0:05:24]} Ke6 {[%clk 0:01:03]} 47. Rb7 {[%clk
0:05:39]} b4 {[%clk 0:00:37]} 48. Kf2 {[%clk 0:05:59]} a5 {[%clk 0:30:08]} 49.
Ke2 {[%clk 0:35:46]} Ra3 {[%clk 0:30:07]} 50. Rb5 {[%clk 0:35:42]} b3 {[%clk
0:29:59]} 51. Kd2 {[%clk 0:35:53]} Ra2+ {[%clk 0:29:51]} 52. Kc3 {[%clk
0:35:47]} a4 {[%clk 0:28:56]} 53. Rb4 {[%clk 0:35:59]} b2 {[%clk 0:28:16]} 54.
Rxb2 {[%clk 0:35:43]} Rxb2 {[%clk 0:28:41]} 55. Kxb2 {[%clk 0:36:07]} Ke5
{[%clk 0:29:06]} 56. Ka3 {[%clk 0:36:28]} Kf4 {[%clk 0:29:31]} 57. Kxa4 {[%clk
0:36:52]} Kxf3 0-1